Unos grises muy verracos Poder Polt̕ico Local y Configuracin̤ del Estado en Caquet,̀ 1980-2006 /

Bibliographic Details
Main Author: Ciro Rodrg̕uez, Claudia Alejandra
Format: eBook
Language:Spanish
Published: Bogot:̀ Ediciones de la U, 2015
Subjects:
Online Access:Acceso restringido

MARC

LEADER 00000nam a22000007a 4500
005 20210716224528.0
007 cr|||| ||||
008 210716s2015 co |||||s|||| 00||0 spa d
020 |a 9789587624885 
035 |a 33321 
040 |a vLex 
090 |c 11862  |d 11862 
100 1 |a Ciro Rodrg̕uez, Claudia Alejandra 
245 1 4 |a Unos grises muy verracos  |h [Recurso electrn̤ico] :  |b Poder Polt̕ico Local y Configuracin̤ del Estado en Caquet,̀ 1980-2006 /  |c Claudia Alejandra Ciro Rodrg̕uez 
256 |a Servicio en ln̕ea 
260 |a Bogot:̀  |b Ediciones de la U,  |c 2015 
300 |a 1 recurso electrn̤ico 
500 |a Este trabajo logra aportar en el anl̀isis de la configuracin̤ local del estado en Colombia a partir del caso objeto de anl̀isis, el departamento del Caquet,̀ al demostrar que los poderes locales, tanto ilegales (guerrillas y paramilitares) como legales (gamonales y polt̕icos) son sujetos intrn̕secos de su constitucin̤ antes que un obstc̀ulo para la formacin̤ del mismo. A partir del examen de las prc̀ticas de los polt̕icos, de los grupos armados, del resultado local de las reformas descentralizadoras, as ̕como de los imaginarios del estado que tienen los pobladores de la regin̤, este trabajo cuestiona los parm̀etros weberianos utilizados para establecer si un estado es fuerte y db̌il y al alejarse de esta mirada sobre el "deber ser" del estado, hace un llamado a despojarse de supuestos ter̤icos establecidos, lo cual se constituye en un claro pensamiento crt̕ico. El trabajo presenta una muy buena informacin̤ de archivos de prensa tanto de carc̀ter nacional como regional del pero̕do objeto de estudio, adems̀ de entrevistas de polt̕icos reconocidos de la regin̤ que hacen que esta historia oral enriquezca el anl̀isis. Esta perspectiva histr̤ica le permite presentar a la estudiante la genealoga̕ del poder polt̕ico en este territorio de colonizacin̤ y mostrar el papel que adquieren los polt̕icos o gamonales del Caquet ̀en la personificacin̤ del estado en la localidad, aspecto central en su propuesta de repensar la formacin̤ del estado en Colombia arriba mencionada. 
506 1 |a Disponible solo en los productos indicados  |d vLex Global  |d vLex Global (Academic Edition, excluding Law Schools)  |d vLex Global (U.S. Academic Edition, Law Schools)  |d vLex Global (U.S. Academic Edition, excluding Law Schools)  |d vLex Global (Academic Edition, Law Schools) 
650 0 4 |a Derecho Pb︢lico y Administrativo  |z Colombia 
740 0 |a vLex Libros (Servicio en ln̕ea) 
856 4 0 |u https://vlex.com/source/unos-grises-muy-verracos-poder-politico-local-y-configuracion-del-estado-en-caqueta-1980-2006-33321  |z Acceso restringido 
942 |c BOOK 
999 0 |a Public and Administrative Law